| 000 | 00576ntaaa2200205 4500 | ||
|---|---|---|---|
| 003 | 01 | ||
| 005 | 20251027201021.0 | ||
| 008 | 0714s1973 ag 01 | ||
| 020 | _a9509074683 | ||
| 040 |
_aAR-BaBN _bspa _cAR-BaBN _eaacr _dRIC |
||
| 082 | _a136.769 G41p | ||
| 100 |
_aGilles, E. David _97352 |
||
| 245 |
_aPor esta niña oraba: Adopción: Un acto de amor / _cE. David Gilles |
||
| 250 | _a2 ed. | ||
| 260 |
_aBuenos Aires : _bABAP, _c1989 |
||
| 300 |
_a61 p. ; _c17,5 cm. |
||
| 500 | _a2a. edicion de la obra firmada por Ernesto de Tour | ||
| 650 | _aAdopción | ||
| 942 | _cBK | ||
| 999 |
_c4241 _d4241 |
||